000 00789nam a2200181 a 4500
001 000951376
003 AM-YeHGA
005 20250617145906.0
008 130313s ||| r 000 0 rus d
040 _aAM-YeHGA
041 0 _arus
245 0 0 _aВопросы литературы :
_bМетод. Стиль. Поэтика /
_cВладимир. гос. пед. ин-т им. П.И. Лебедева-Подянского.
260 _aВладимир :
_bБ. и.
505 0 _gВып. 8 (1973, 192 с.)
_rРедкол. В.Г. Елкин и др.
653 0 _aЛитературоведение
710 2 _aВладимирский государственный педагогический институт им. П.И. Лебедева-Полянского
090 _c321927
999 _c320192
_d320192